|
|
|
|
| LEADER |
00000nam0a2200000 4500 |
| 001 |
43926 |
| 005 |
20231031021711.0 |
| 010 |
|
|
|a 5947233401
|
| 035 |
|
|
|a (RuTPU)RU\TPU\book\45530
|
| 090 |
|
|
|a 43926
|
| 100 |
|
|
|a 20021031d2002 m y0rusy50 ca
|
| 101 |
0 |
|
|a rus
|
| 102 |
|
|
|a RU
|
| 105 |
|
|
|a y nz 000zy
|
| 200 |
1 |
|
|a Трудовой кодекс Российской Федерации
|e По состоянию на 1 августа 2002 года
|e Практический комментарий
|f Е. В. Магницкая, Е. Н. Евстигнеев
|
| 210 |
|
|
|a СПб.
|c Питер
|d 2002
|
| 215 |
|
|
|a 368 с.
|
| 225 |
1 |
|
|a Закон и комментарии
|
| 300 |
|
|
|a Авт. указ. на обороте тит. л.
|
| 333 |
|
|
|a Исключено из фонда НТБ ТПУ
|
| 700 |
|
1 |
|a Магницкая
|b Е. В.
|g Елена Валентиновна
|
| 701 |
|
1 |
|a Евстигнеев
|b Е. Н.
|g Евгений Николаевич
|
| 801 |
|
1 |
|a RU
|b 63413507
|c 20021031
|g PSBO
|
| 801 |
|
2 |
|a RU
|b 63413507
|c 20110331
|g PSBO
|
| 942 |
|
|
|c BK
|